Interfacing of Serial Prepheral Interface (SPI) Memory with FPGA (Record no. 326572)

000 -LEADER
fixed length control field 00383 a2200133 4500
001 - CONTROL NUMBER
control field 91499
082 ## - DEWEY DECIMAL CLASSIFICATION NUMBER
Classification number PR 1465
090 ## - LOCALLY ASSIGNED LC-TYPE CALL NUMBER (OCLC); LOCAL CALL NUMBER (RLIN)
-- 43640
-- 43639
100 ## - MAIN ENTRY--PERSONAL NAME
Personal name Tuaha Umair Nomani; Prof Khalid Saleemi (Advisor)
245 ## - TITLE STATEMENT
Title Interfacing of Serial Prepheral Interface (SPI) Memory with FPGA
Number of part/section of a work 58 "B" EC
260 ## - PUBLICATION, DISTRIBUTION, ETC.
Place of publication, distribution, etc. Rawalpindi
Name of publisher, distributor, etc. NUST
Date of publication, distribution, etc. 2003
300 ## - PHYSICAL DESCRIPTION
Extent 50p
500 ## - GENERAL NOTE
General note BE Project Reports
942 ## - ADDED ENTRY ELEMENTS (KOHA)
Institution code [OBSOLETE] CAE NUST
Call number prefix PR 1465
Holdings
Withdrawn status Lost status Damaged status Not for loan Collection code Permanent Location Current Location Date acquired Total Checkouts Full call number Barcode Date last seen Price effective from Koha item type
          College of Aeronautical Engineering (CAE) College of Aeronautical Engineering (CAE) 04/03/2017   PR 1465 CAEPR-1465 04/05/2017 04/05/2017 Book
© 2023 Central Library, National University of Sciences and Technology. All Rights Reserved.